|
|
|
|
| LEADER |
00000cam a2200000 a 4500 |
| 001 |
vtls001065145 |
| 003 |
SK-MaSNL |
| 005 |
20260301232716.0 |
| 008 |
250916s1991 xo l brp 000 0 slo |
| 015 |
|
|
|a SNBA1991/02
|
| 020 |
|
|
|a 800801332X
|q (brožované)
|
| 035 |
|
|
|a SNK000007975
|
| 035 |
|
|
|a urn:nbn:sk:snk-amlr0n
|
| 035 |
|
|
|a urn:nbn:sk:snk-am00c0pi
|
| 035 |
|
|
|a D7530514-2671-43CE-BB7E-F7F60EBACA84
|
| 040 |
|
|
|a SNK
|b slo
|c SNK
|e AACR2
|
| 041 |
0 |
|
|a slo
|
| 044 |
|
|
|a xo
|c SK
|
| 072 |
|
7 |
|a 811.162.4
|x Slovenčina
|2 konspekt
|
| 072 |
|
7 |
|a 81
|x Lingvistika. Jazyky
|2 konspekt
|
| 072 |
|
7 |
|a 37.016
|x Učebné osnovy. Vyučovacie predmety. Učebnice
|2 konspekt
|
| 080 |
|
|
|a 811.162.4
|2 2011
|
| 080 |
|
|
|a 81'36
|2 2011
|
| 080 |
|
|
|a (075.2)
|2 2011
|
| 100 |
1 |
|
|a Ballová, Adriana
|4 aut
|9 5390
|
| 245 |
1 |
0 |
|a Pracovný zošit zo slovenského jazyka pre 4. ročník základnej školy
|c Adriana Ballová, Margita Bernáthová
|
| 250 |
|
|
|a 5. vyd.
|
| 260 |
|
|
|a Bratislava
|b Slovenské pedagogické nakladateľstvo
|c 1991
|
| 300 |
|
|
|a 84 strán
|b tabuľky
|c 30 cm
|
| 650 |
0 |
7 |
|a slovenčina
|2 SNKPH
|9 1350
|
| 650 |
0 |
7 |
|a gramatika
|2 SNKPH
|9 865
|
| 655 |
|
7 |
|a pracovné zošity
|2 SNKPH
|9 70188
|
| 655 |
|
7 |
|a učebnice základných škôl
|2 SNKPH
|9 70187
|
| 700 |
1 |
|
|a Bernáthová, Margita
|4 aut
|9 42862
|
| 852 |
|
|
|a Slovenská národná knižnica
|
| 919 |
|
|
|a 80-08-01332-X
|
| 954 |
|
|
|a odborná, vedecká literatúra pôvodná (slovenská)
|2 lita
|
| 958 |
|
|
|a EUIPO
|
| 958 |
|
|
|a RK
|
| 958 |
|
|
|a TL
|
| 958 |
|
|
|a OND
|
| 958 |
|
|
|a UC
|
| 958 |
|
|
|a DB
|
| 999 |
|
|
|c 962425
|d 964355
|
| 952 |
|
|
|a SNK
|b SNK
|y VYP
|7 0
|p 17A0149095
|o snkSB 48160 D1
|0 0
|1 0
|4 0
|d 1998-07-13
|l 0
|r 2004-12-31 00:00:00
|w 2026-02-24
|
| 952 |
|
|
|a SNK
|b SNK
|y PREZ
|7 0
|p 17A0874209
|o snkSB 48160
|i snkKSP 4412/91
|0 0
|1 0
|4 0
|d 2012-07-10
|f 1
|l 0
|r 2025-02-18 00:00:00
|w 2026-02-24
|